| 000 | 00000nam##2200000za#4500 |
| 001 | 9.639947 |
| 003 | CaOODSP |
| 005 | 20240314152355 |
| 007 | cr ||||||||||| |
| 008 | 150407|2010||||xxc|||||o f|0| 0 fre|d |
| 020 | |a978-1-100-98889-4 |
| 040 | |aCaOODSP|bfre |
| 043 | |an-cn--- |
| 086 | 1 |aPS4-135/1-2010F-PDF |
| 110 | 1 |aCanada. |bSécurité publique Canada. |
| 245 | 10|aÉvaluation provisoire du programme du Fonds de lutte contre les activités des gangs de jeunes du Centre national de prévention du crime / |h[ressource électronique]|c[par] Adam Di Paula, Richard Elias, et Hui Xue. |
| 250 | |aÉdition révisée. |
| 260 | |aOttawa - Ontario : |bSécurité publique Canada |cLe 3 juillet 2009. |
| 300 | |a109p.|bfigure, références, tableaux |
| 590 | |a12-43-Supp|b2012-12-07 |
| 691 | 07|aJeune contrevenant|2gcpds |
| 691 | 07|aPrévention de la criminalité|2gcpds |
| 775 | 08|tAn interim evaluation of the National Crime Prevention Centre Youth Gang Prevention Fund Program / |w(CaOODSP)9.695797 |
| 856 | 40|ahttp://publications.gc.ca|qPDF|s1397 Ko|uhttps://publications.gc.ca/collections/collection_2012/sp-ps/PS4-135-1-2010-fra.pdf |